| 000 | 00929cad a22002055a 4500 | ||
|---|---|---|---|
| 001 | L157479 | ||
| 008 | 121219e2012 xxk 000 0 eng d | ||
| 035 | _a(Sirsi) u157479 | ||
| 041 | 0 | _aeng | |
| 110 | 2 |
_aUnited Kingdom _bDepartment of Energy and Climate Change _95850 |
|
| 245 | 0 | 0 | _aShale Gas FAQ |
| 260 |
_aLondon _bDECC _c2012 |
||
| 520 | _aShale Gas FAQ includes information about fracking and how operations are regulated, how much shale gas there is in the UK and links to further regulatory information. With an update which incorporates the latest advice and information on 13 December 2012 when fracking was given permission to resume. | ||
| 590 | _aKA | ||
| 651 | 4 | _aUnited Kingdom | |
| 690 |
_aEnergy _96237 |
||
| 690 |
_aMinerals and waste _96257 |
||
| 856 | 4 | 0 |
_uhttps://www.decc.gov.uk/en/content/cms/meeting_energy/oil_gas/shale_gas/shale_gas.aspx _zView the FAQ free of charge at www.decc.gov.uk |
| 942 | _n0 | ||
| 999 |
_c84403 _d84403 |
||